000 00662nam a2200217Ii 4500
003 JO-AjNU
008 230605s9999||||xx |||||||||||||| ||und||
017 _a2009/10/4501
040 _aJO-AjNU
_bara
_erda
_cJO-AjNU
041 _aara
050 1 4 _aPJ7938 .S2.A15 2009
100 3 _aتاليف عيسى، نزيهة محمد سليمان,
_eauthor
_949864
245 0 0 _aالمعجزة
250 _aط1
264 3 1 _aعمان: المؤلف، 2009
300 _a209ص
336 _atext
_btxt
_2rdacontent
337 _aunmediated
_bn
_2rdamedia
338 _avolume
_bnc
_2rdacarrier
650 4 _aالقصص العربية - العصر الحديث
_949865
999 _aA21929
_c25497
_d25497